000 00558nam a2200217Ia 4500
005 20250425160738.0
008 250425s9999 xx 000 0 und d
020 _a9509097519
041 _aspa
082 _a303.483
100 _aDIEBOLB, JOHN
245 0 _aFUTURO INNOVACION TECNOLOGICA Y CAMBIO SOCIAL
250 _a1A ED.
260 _aArgentina
_bFRATERNA
_c1986
260 _aBUENOS AIRES
300 _a588
500 _aD-15838c.2 S/2000 Dr. Riofrio Bibl 95.07.26
650 _aINNOVACIONES TECNOLOGICAS
942 _c01
010 _a4239
999 _c195313
_d195313